000 00717nam a2200289Ia 4500
005 20260324120014.0
008 008 260324s9999 xx 000 0 eng d
020 _a9781315595146
037 _aEBOOK
040 _aCRL
040 _beng
040 _cCRL
041 _2eng
041 _aeng
084 _qCRL
100 _aJohn Goulden
_91156857
245 0 _aMichael Costa: England's First Conductor
245 4 _bThe Revolution in Musical Performance in England, 1830-1880
260 _bTaylor and Francis
260 _c2015
365 _a
365 _b255
856 _uhttp://www.taylorfrancis.com/books/9781315595146
942 _cEBOOK
999 _c1748142
_d1748142